=LDR 00000nam 2200000 4500 =001 NUTBA000000000006223 =005 20141126141859.0 =006 =007 =008 =020 ##$$a 979-692-342-2 =035 ##$$a 0010-111400000000702 =040 ##$$a NBPDMAT =082 ##$$a 551.45 =090 ##$$a 551.45 $b Aly m =100 ##$$a Alya Nur Fauziah =245 ##$$a Menyusun kehidupan pantai / $c Alya Nur Fauziah =250 ##$$a Cet. 4 =260 ##$$a Bandung : $b Remaja Rosdakarya, $c 2007 =300 ##$$a 50 hlm. : $b ilus. ; $c 29 cm. =650 ##$$a Pantai